[Event "Karlovy Vary op"]
[Site "Karlovy Vary"]
[Date "2011.04.29"]
[Round "2"]
[White "Janousek, Ladislav"]
[Black "Harasta, Ivan"]
[Result "1-0"]
[WhiteElo "1696"]
[BlackElo "1100"]
[PlyCount "117"]
[EventDate "2011.04.28"]
[EventType "swiss"]
[EventRounds "8"]
[EventCountry "CZE"]
[SourceTitle "CBM 142 Extra"]
[Source "ChessBase"]
[SourceDate "2011.06.27"]
[SourceVersion "1"]
[SourceVersionDate "2011.06.27"]
[SourceQuality "1"]

1. e4 e5 2. Nf3 Nc6 3. d4 exd4 4. Bc4 Nf6 5. Ng5 d5 6. exd5 Nxd5 7. Qf3 Be6 8. 0-0 Qd7 9. Nxe6 fxe6 10. a3 0-0-0 11. Re1 Bc5 12. Qe4 Rde8 13. b4 Bb6 14. Bd2 Rhf8 15. Bd3 h6 16. b5 Na5 17. a4 Qd6 18. Re2 e5 19. Be1 Kb8 20. g3 g5 21. Na3 Qc5 22. Nb1 Nc3 23. Nxc3 dxc3 24. Kg2 Qd4 25. Ra3 Qxe4+ 26. Rxe4 Bd4 27. f3 c6 28. Bxc3 Bxc3 29. Rxc3 Kc7 30. Ra3 Kd6 31. Ra1 Rc8 32. h4 Kd5 33. hxg5 hxg5 34. Rg4 Rg8 35. Be4+ Kc5 36. Bd3 Kb6 37. Kf2 a6 38. bxa6 bxa6 39. Rb4+ Ka7 40. Rab1 Rc7 41. Rb6 Rb7 42. Rxa6+ Kb8 43. Rxb7+ Nxb7 44. Rxc6 Re8 45. Rb6 Kc7 46. Rg6 Nc5 47. Bb5 Re7 48. Rc6+ Kb7 49. Rxc5 Kb6 50. Rd5 Ka5 51. c4 Re6 52. c5 Kb4 53. Ke3 Rf6 54. Rxe5 Rg6 55. c6 Ka5 56. c7 Rg8 57. c8Q Rxc8 58. Bd7+ Kb6 59. Bxc8 1-0